[Event "WCPL 2018-9"]
[Site "?"]
[Date "2019.01.27"]
[Round "3.17"]
[White "Watkin-Jones, Adam"]
[Black "Saunders, Walter N. R."]
[Result "1/2-1/2"]
[WhiteElo "1800"]
[BlackElo "1996"]
[PlyCount "91"]
[EventDate "2018.??.??"]
[EventRounds "5"]
[EventCountry "WLS"]
[WhiteTeam "Cardigan"]
[BlackTeam "Abergavenny"]

1. c4 Nf6 2. Nc3 g6 3. g3 Bg7 4. Bg2 O-O 5. e4 e5 (5... c5 {scores better for
Bl}) 6. d3 d6 7. Nge2 c5 8. O-O Nc6 9. h3 a6 (9... Be6) 10. Be3 {48% for Wh} (
10. f4 {main, 64% for Wh}) 10... Nd4 (10... Rb8) 11. Qd2 $2 (11. f4 exf4 12.
Nxf4 Rb8 13. a4 Nd7 14. Kh2 {S Williams-Hebden, Hastings Challengers 1998,0-1})
11... Bxh3 $17 (11... Bd7 12. f4 {Escofet llongueras-Colome Boixadera,
Castellar op 2007,1-0}) 12. Bg5 Bxg2 (12... Nxe2+ 13. Qxe2 Bxg2 14. Kxg2 h6 15.
Bxf6 (15. Be3 $11 {Komodo12}) 15... Bxf6 16. Rh1 {Wh seems to have enough
compensation in the strong N & pressure down the h file} Bg7 (16... Bg5) 17.
Qe3 (17. Nd5 $11 {Komodo12}) 17... f5 18. Nd5 (18. exf5 Rxf5 19. Qe4 $11) 18...
f4 19. Qf3 h5 (19... Qg5 $11) 20. a3 (20. gxf4 exf4 21. Rag1 $16 {Komodo12})
20... Rf7 21. Rag1 Qg5 22. Kf1 (22. Kh3 Raf8 $11) 22... fxg3 23. Qxg3 Qd2 24.
Rh2 Raf8 $19 25. Qh4 Qxd3+ {Ganci-Piscopo, UISP ch, Palermo 2000,0-1}) 13. Kxg2
Ne6 14. Bh6 (14. Bxf6 Bxf6 15. Nd5 {looks better given the previous game})
14... Bxh6 15. Qxh6 Ng4 16. Qd2 Qg5 (16... f5 $15) 17. Qxg5 Nxg5 18. Nd5 $11 {
Komodo12} Kg7 (18... h5 {Stockfish10, slight Bl plus, = Komodo12}) (18... Ne6
$11 {Komodo12}) 19. f3 Nh6 {artificial, search for complicationsrather than
swapping down when ahead} (19... Nf6 {challenges the powerful Wh N}) 20. b4 $5
(20. f4 $11 {both Engines}) 20... f5 (20... cxb4 {both Engines} 21. Rfb1 {
Stockfish10} (21. Nxb4 {Komodo12 initial} f5 $15) 21... a5 22. a3 f5 (22... Ne6
{Komodo12} 23. axb4 axb4 24. Rxa8 Rxa8 25. Rxb4 Ra2 26. Kf1 Rd2 27. Rxb7 Nc5
28. Ra7 Nxd3 29. Ra6 Nb2 30. Rxd6 Nxc4 31. Rc6 Nb2 32. Kf2 Ng8 $11 {[ this N
is out of the game for the moment & Bl needs to get in h5}) 23. axb4 fxe4 24.
f4 Ne6 25. bxa5 exd3 26. Rxb7+ Rf7 27. Rxf7+ Nxf7 28. Nec3 $11) 21. bxc5 dxc5
22. f4 (22. Nec3 $11) (22. Rfb1 $11) 22... exf4 23. Nexf4 (23. gxf4 Ne6 24.
Rfb1 $11 {preferred by both Engines}) 23... fxe4 (23... Rab8 {both Engines})
24. Nc7 $11 exd3 (24... Nf5 {both Engines}) 25. Nfe6+ (25. Nxa8 $14 {preferred
by Rudy & initial Komodo12 preference, Adam wanted to get of both of Bl's Rs})
(25. Rad1 $14 {agreed by both Engines}) 25... Nxe6 26. Nxe6+ Kg8 27. Rxf8+ Rxf8
28. Nxf8 Kxf8 29. Rd1 $11 Nf5 30. Kf3 (30. Rxd3) 30... Ke7 31. Rxd3 $11 Nd6 32.
Rc3 (32. g4 Nxc4 33. Ke4 (33. Kf4 $11 {both Engines})) 32... Kd7 (32... h5 {Bl
needs to eliminate the K side pawns so the N & K can cover on one flank only.})
33. Kf4 Kc6 34. g4 (34. Re3 {both Engines- Rs are unhappy about sitting
defending weak pawns- they need to get out & take opposing pawns instead} Nxc4
35. Re7 b5 (35... h5 36. Rg7) 36. Rxh7 Kd5 37. Rg7 Ne5 38. Rg8 Nd3+ 39. Ke3 (
39. Kg5 c4 $15 {but looks dangerous}) 39... Nb4 40. Rxg6 Nxa2 41. g4 b4 42. g5
b3 43. Rb6 c4 44. g6 c3 45. g7 c2 46. g8=Q+ Kc5 47. Rxb3 c1=Q+ 48. Kf2 Qd2+ 49.
Kf3 Nb4 {and Lomonosov tablebases agree with Komodo12 that this is a drawn
position}) 34... b5 35. cxb5+ (35. Rh3 h5 36. gxh5 gxh5 37. cxb5+ axb5 38. Rxh5
{Komodo12 & again drawn (Lomonosov agree)}) 35... axb5 36. g5 c4 37. Rh3 b4 38.
Rxh7 c3 {passed pawns must be pushed; but the further away from the K the
better} (38... b3 {Stockfish10} 39. axb3 cxb3 40. Ke5 b2 41. Rh1 Kc5 42. Kf6
Ne4+ 43. Kxg6 Kc4 44. Rb1 Kb3 45. Kf5 Nxg5 46. Kxg5 Kc2 47. Rxb2+ Kxb2 $11) (
38... Kd5 39. Rh8 (39. Rg7 b3 40. axb3 cxb3 41. Rh7 (41. Rxg6 $2 b2 $19)) 39...
b3 $11 {Komodo12} 40. axb3 cxb3 41. Ke3 Kc4 42. Kd2 Ne4+ 43. Kc1 Nxg5 44. Rg8
Nf3 45. Rxg6 $11) 39. Ke3 $16 c2 $2 {Bl has seen a way to reduce pawns, but
the Engines find a flaw} (39... Kd5 40. Kd3 Nc4 41. Kc2 Ne5 42. Rg7 Ke4 {and
Bl can still hold} 43. Rb7 Nc6 $1 $11 44. Rb6 Nd4+ 45. Kb1 Kd3 46. Rd6 Ke3 $11
{Komodo12}) 40. Kd2 Ne4+ 41. Kxc2 Nxg5 42. Rg7 {Wh goes for the wrong pawn,
however , though Lomonosov tablebases agree this is the quickest, the text
should also be a win.but its the b pawn that matters. Wh needs to have a
passed pawn to win.} (42. Rh4 $1 {both Engines} Kc5 43. Kb3 Ne6 44. Rc4+ Kd6
45. Kxb4 $18 {Nalimov tablebases}) 42... Kb5 43. Rxg6 (43. Kb3 $1 {still picks
up the b pawn}) 43... Ne4 {the onl move to draw, but it does ( Nalimov)} 44.
Rg4 Nc5 45. Rg5 Kc4 46. Rg4+ 1/2-1/2

[Event "WCPL 2018-9"]
[Site "?"]
[Date "2019.01.27"]
[Round "3.18"]
[White "Allford, Zane"]
[Black "Haigh, Tony"]
[Result "0-1"]
[WhiteElo "1726"]
[BlackElo "1785"]
[PlyCount "42"]
[EventDate "2018.??.??"]
[EventRounds "5"]
[EventCountry "WLS"]
[WhiteTeam "Abergavenny"]
[BlackTeam "Cardigan"]

1. e4 Nf6 2. Nc3 d5 3. exd5 Nxd5 4. d4 (4. Bc4 {main} Nxc3 5. Qf3 e6 6. Qxc3 (
6. dxc3) (6. bxc3)) 4... Nxc3 5. bxc3 g6 6. Bc4 (6. Nf3) 6... Bg7 7. Ne2 O-O 8.
O-O Nd7 (8... e5) (8... c5 {also played}) 9. Ba3 (9. Be3 c5 10. Qd2 Nb6 11. Bd3
c4 12. Be4 f5 13. Bf3 e5 14. g3 e4 15. Bg2 Nd5 16. f3 exf3 17. Bxf3 Be6 {
Nazarenko-Lobanov,Novokuznetsk 1998,0-1}) (9. Re1 $11 {Stockfish10}) 9... Nb6
$15 10. Bb3 $2 (10. Bd3 Re8 $17) 10... a5 $19 11. Bc5 a4 12. Bxb6 axb3 13. Bc5
bxa2 (13... b2 14. Rb1 b6 15. Bb4 c5 16. dxc5 bxc5 17. Bxc5 Ba6 18. Bd4 e5 $19
{Stockfish10}) (13... b6 {transposes}) 14. c4 b6 15. Bb4 c5 16. Bc3 cxd4 17.
Bxd4 (17. Nxd4 Qc7 18. Qd3 e5 19. Nb5 Qc5 20. Qd5 Be6 21. Qxc5 bxc5 22. Nc7 Ra4
23. Nxe6 fxe6 24. Rfe1 Rb8 $19 {Stockfish10}) 17... Bxd4 (17... e5 18. Bb2 Qxd1
19. Rfxd1 Be6 20. Nc3 e4 21. Rd6 Bxc4 22. Nd1 Rfd8 23. Rxd8+ Rxd8 24. Bxg7 Kxg7
25. g3 b5 $19 {Stockfish10}) 18. Nxd4 Qc7 (18... e5 19. Nb5 Be6 20. Qe2 Qc8 21.
Qxe5 Bxc4 22. Nd6 Qe6 23. Nxc4 Qxc4 24. Qb2 Rfd8 $19 {Stockfish10}) 19. Qe2 e5
20. Nb5 (20. Nf3 f6) 20... Qc5 21. c3 $2 (21. Nc3 Be6 22. Nd5 Rfd8 23. Qxe5
Bxd5 24. cxd5 Rxd5 25. Qb2 Qc4 26. Qxb6 Rb5 27. Qf6 Qxc2 $19 {Stockfish10})
21... Be6 0-1

[Event "WCPL 2018-9"]
[Site "?"]
[Date "2019.03.10"]
[Round "4.13"]
[White "Williams, A. Howard"]
[Black "Toczek, Grzegorz"]
[Result "0-1"]
[WhiteElo "2253"]
[BlackElo "2234"]
[PlyCount "44"]
[EventDate "2018.??.??"]
[EventRounds "5"]
[EventCountry "WLS"]
[WhiteTeam "Cardigan"]
[BlackTeam "Cardiff"]

1. Nf3 c5 2. c4 Nf6 3. Nc3 d5 4. cxd5 Nxd5 5. e3 (5. g3 {main, similar to
heap-Jones on bd4}) 5... g6 (5... Nxc3 6. bxc3 g6 7. Bb5+ {main , GM practice})
6. Bc4 $146 (6. Qb3 $16 {87% for Wh}) (6. Bb5+ {75% for Wh}) (6. Qa4+ {fewer
games.75% for Wh}) 6... Nb6 7. Bb3 (7. Bb5+ Bd7 8. d4 $11 {Komodo12}) 7... Bg7
8. d4 Na6 (8... O-O 9. O-O {transposes back to some 277 games, with a slight
gain for Bl} cxd4 10. exd4 Bg4 11. d5 $11 {Cloud Engines}) 9. O-O O-O {with
transposition to 69 games} 10. Qe2 (10. h3 {slightly more frequent}) 10... Qc7
(10... Bg4 11. Rd1 {main, though 81 % for Wh}) 11. Rd1 (11. a3 Bg4 12. Rd1 e6
13. h3 Bxf3 14. Qxf3 Rfd8 15. Ne2 Rd6 16. Bd2 Rad8 17. Bc3 $11 {Schalow-Kopp,
RLP ch MTA, Hoeheinoed 2008,1/2-1/2}) 11... Bd7 (11... c4 $11 12. Bc2 Nb4 13.
Bb1 Bd7 14. e4 Ba4 15. Nxa4 Nxa4 16. a3 Na6 17. Bc2 Qc6 18. Bxa4 (18. Rb1 $16)
18... Qxa4 19. Bg5 Rfe8 20. Rac1 Rac8 {Neumeier-Kropik, AUT ch tm 2013,1-0})
12. h3 (12. a4 {Komodo12}) (12. a3 {Fritz11 SE}) 12... Rac8 13. d5 (13. e4 $14
{Komodo12}) 13... c4 14. Bc2 Nb4 15. Bb1 (15. a4 $11 {both Engines}) 15... Na4
$17 16. Qe1 (16. a3 Nd3 {both Engines} 17. Bxd3 (17. Nxa4 Bxa4 18. Bc2 Bxc2 19.
Qxc2 Qd7 20. e4 f5 $19 {Komodo12}) 17... cxd3 18. Qxd3 Nxc3 19. bxc3 Ba4 20.
Rf1 Qxc3 21. Qxc3 Bxc3 22. Rb1 b6 23. Nd4 Rfd8 $19 {Komodo12}) 16... Nxc3 17.
bxc3 Ba4 $19 18. Ba3 (18. Rd4 $5) 18... Bxd1 19. Bxb4 Bxf3 20. gxf3 a5 21. d6
exd6 22. Ba3 b5 $19 0-1

[Event "WCPL 2018-9"]
[Site "?"]
[Date "2019.03.10"]
[Round "4.14"]
[White "Brown, Thomas"]
[Black "Jones, Iolo C"]
[Result "1/2-1/2"]
[WhiteElo "2076"]
[BlackElo "2190"]
[Annotator "John"]
[PlyCount "79"]
[EventDate "2018.??.??"]
[EventRounds "5"]
[EventCountry "WLS"]
[WhiteTeam "Cardiff"]
[BlackTeam "Cardigan"]

1. Nf3 Nf6 2. c4 e6 3. b3 b6 4. Bb2 (4. g3) 4... Bb7 5. e3 Be7 6. g3 O-O 7. Bg2
d5 8. cxd5 (8. O-O {transposes to nearly 2000 games}) 8... Nxd5 (8... exd5) 9.
O-O Nd7 10. a3 (10. d4) 10... c5 11. Nc3 (11. Qc2 Bf6 12. Nc3 Nxc3 13. Bxc3
Bxc3 14. Qxc3 Qf6 15. Rfc1 Rfd8 16. Qxf6 Nxf6 17. d4 cxd4 18. Nxd4 Bxg2 19.
Kxg2 Rdc8 20. Nb5 {Dragomarezkij-Kedrov, Moscow ch 1995,1-0}) 11... Rc8 12.
Nxd5 Bxd5 $11 (12... exd5 $11) 13. d3 Bf6 (13... f5 {Komodo12}) 14. Qc2 Bxb2
15. Qxb2 Qf6 16. Qxf6 gxf6 $11 (16... Nxf6 $11) 17. Rab1 Rfd8 18. Rfd1 f5 19.
d4 (19. Ne1) 19... Be4 (19... Kg7 $15 {Komodo12}) 20. Rbc1 Bd5 21. dxc5 (21.
Rc3 $11) 21... Nxc5 (21... Bxb3 $15 {Komodo12}) 22. b4 $11 Ne4 23. Rxc8 (23.
Nd4) 23... Rxc8 24. Nd4 Bb7 25. f3 (25. Bxe4 Bxe4 26. f3 Bb7 27. Kf2 $11 {
Komodo12; though Bl must be careful in any N vs B ending}) 25... Nc3 26. Rd2
Nb1 27. Rd3 Nc3 28. Rd2 Nd5 29. f4 $14 Kf8 30. Kf2 Rc3 31. Nxf5 (31. Nb5 Rb3
32. Nxa7 Rxa3 33. Nb5 Rb3 34. Nd4 (34. Nd6 Bc6 35. Nxf5 Nxb4 36. Bxc6 Nxc6 37.
Nd6 $11) 34... Rxb4 35. Nxf5 exf5 36. Bxd5 Bxd5 37. Rxd5 Rb2+ 38. Kf3 Rxh2 39.
Rxf5 Rb2 40. Ke4 $14 {Komodo12}) 31... Rxa3 (31... exf5 32. Bxd5 Bxd5 33. Rxd5
Rxa3 34. Kf3 $14 {Komodo12}) 32. e4 (32. Nd6 Bc6 33. Bxd5 Bxd5 34. e4 Bb3 (
34... Ra2 35. Rxa2 Bxa2 36. b5 Ke7 37. Nc8+ Kd7 38. Nxa7 Kd6 39. g4 $16 {
Komodo12} Bc4 (39... Kc7 40. Nc6) 40. Nc6 (40. Ke3 Kc5 41. g5 Bxb5 42. Nxb5
Kxb5 43. f5 exf5 44. exf5 Kc4 45. h4 Kd5 46. h5 Ke5 47. g6 fxg6 48. fxg6 hxg6
49. hxg6 Kf6 50. Kd4 Kxg6 51. Kd5 Kf5 52. Kc6 Ke5 53. Kxb6))) 32... exf5 (32...
Nf6 33. Nd6 Ng4+ 34. Ke1 Ba8 35. h3 Ne3 36. Bf3 Nf5 (36... Nf1 37. Kxf1 Rxf3+
38. Kg2 Rb3 39. b5 f5 $11) 37. exf5 Rxf3 38. f6 Re3+ 39. Kf1 Rf3+ $11 {Komodo12
}) 33. exd5 $14 Ke8 34. Bh3 Bc8 35. Re2+ Kd8 36. d6 Be6 37. Re5 Ra2+ 38. Kg1
Ra1+ 39. Kf2 Ra2+ 40. Kg1 (40. Ke3 Rxh2 41. Bxf5 Kd7 42. Rd5 Rb2 43. Bxe6+ fxe6
44. Rh5 Kxd6 45. Rxh7 Rb3+ 46. Kf2 a6 47. Ra7 Rxb4 48. Rxa6 Kd5 $11 {Komodo12})
1/2-1/2

[Event "WCPL 2018-9"]
[Site "?"]
[Date "2019.03.10"]
[Round "4.15"]
[White "Heap, Gerry"]
[Black "Jones, Derek"]
[Result "1-0"]
[WhiteElo "2094"]
[BlackElo "1937"]
[PlyCount "67"]
[EventDate "2018.??.??"]
[EventRounds "5"]
[EventCountry "WLS"]
[WhiteTeam "Cardigan"]
[BlackTeam "Cardiff"]

1. Nf3 Nf6 2. c4 c5 3. g3 g6 4. Bg2 Bg7 5. Nc3 d5 6. cxd5 Nxd5 7. O-O O-O 8.
Nxd5 Qxd5 9. d3 Nc6 10. Be3 Bxb2 (10... Bd7) (10... Qd6 {main lines} 11. Qa4
Nd4 12. Nxd4 cxd4 13. Bf4 e5 14. Bd2 Qd7 15. Qa3 Re8 {Heap-Miles, WCPL rd3
2019,1/2-1/2}) 11. Rb1 Bg7 (11... Bf6) 12. Qa4 (12. Nd4 Qxa2 13. Nxc6 bxc6 14.
Bxc5 (14. Bxc6 {also p[layed})) 12... Qh5 {3-1} (12... Qd6) (12... Qd7 {main
lines}) 13. Rfc1 (13. Rb5 e5 (13... Bh3 14. Rxb7 Bxg2 15. Kxg2 Nd4 16. Bxd4
cxd4 17. Rxe7 {Millette-Hilton, Wld ch email ICCF 2016,1-0}) 14. Bxc5 Re8 15.
Be3 Re7 16. Rfb1 a6 17. h4 h6 18. Nd2 Rb8 19. Rc5 {Andersson-Browne, Match
Europe-Continental America 1981,1-0}) 13... Nd4 (13... e5 14. Rxc5 Rb8 15. Ng5
(15. Rxc6 $18 Bd7 16. g4 Bxc6 17. Qb4 a5 18. Qxf8+ Rxf8 19. gxh5 $18 {Komodo12}
) 15... Qg4 16. Rc4 Nd4 17. Bxd4 exd4 18. Nf3 (18. Qxa7 $16) 18... b5 $11 {
Bango-Kundrak, SVK ch tm 2015,1-0}) 14. Bxd4 (14. Nxd4 {Komodo12} cxd4 15. Bf3
(15. Bxd4 $14) 15... Bg4 16. Bxd4 (16. Bxg4 Qxg4 17. Rxb7 $11) 16... Bxd4 17.
Qxd4 Bxf3 18. exf3 Qxf3 19. Qe4 (19. Rc7 $11) 19... Qxe4 20. dxe4 b6 $15 {
Ivanisevic-Del Rio de Angelis, Elgoibar 2000,0-1}) 14... cxd4 15. Rc7 (15. Nxd4
Rd8 $11 (15... Bxd4 16. Qxd4 Qxe2 17. Rb2 e5 18. Qc3 Qh5 19. Rb5 $14 {Komodo12}
)) 15... e5 16. Qd1 (16. a3 $11) (16. h4 $11) 16... Be6 17. Rbxb7 Bxa2 18. Rxa7
(18. h4 $14 {Komodo112}) 18... Rxa7 19. Rxa7 Be6 20. Ra5 f6 (20... Rd8 21. Nxe5
Bxe5 22. f4 f6 23. fxe5 fxe5 24. Ra6 Qf5 $11 {Komodo12}) 21. Nxd4 $16 Bg4 (
21... Bf7) 22. Qa1 (22. Bd5+ Kh8 23. Ne6 Bxe6 24. Bxe6 f5 25. Bd5 $16 {Komodo12
}) 22... Bh6 23. Nf3 (23. e3 $18 {Komodo121}) 23... Rc8 24. Ra8 Qf5 25. Qa2+
Kh8 26. h3 (26. d4) 26... Bxh3 (26... Rxa8 27. Qxa8+ Qc8 28. Nxe5 Qxa8 29. Bxa8
Bxe2 30. Nf7+ Kg7 31. Nxh6 Kxh6 32. d4 $16 {Komodo12}) 27. Rxc8+ Qxc8 28. Bxh3
Qxh3 29. Qf7 $18 Qc8 30. Qxf6+ Bg7 31. Qe7 Qa8 32. Ng5 (32. Nxe5) 32... h6 33.
Ne6 Qg8 34. Kh2 {Bl can only sit and wait while Wh prepares a clear cut way to
victory eg} (34. Kh2 Kh7 35. f4 exf4 36. gxf4 Kh8 37. Nxg7 (37. Qxg7+ Qxg7 38.
Nxg7 Kxg7 39. d4 Kf6 40. e4 $18)) 1-0

[Event "WCPL 2018-9"]
[Site "?"]
[Date "2019.03.10"]
[Round "4.16"]
[White "Fathallah, Joe"]
[Black "Van Kemenade, Rudy"]
[Result "1/2-1/2"]
[WhiteElo "1959"]
[BlackElo "1924"]
[PlyCount "75"]
[EventDate "2018.??.??"]
[EventRounds "5"]
[EventCountry "WLS"]
[WhiteTeam "Cardiff"]
[BlackTeam "Cardigan"]

1. d4 Nf6 2. c4 e5 3. dxe5 Ng4 4. Nf3 Bc5 5. e3 Nc6 6. Be2 O-O 7. O-O Re8 8.
Nbd2 (8. b3 Ncxe5 9. Bb2 Nxf3+ 10. Bxf3 Ne5 11. Nc3 a5 12. Nd5 Ra6 13. g3 Rd6
14. Qe2 c6 15. Bxe5 Rxe5 16. Nf4 {Fathallah-Van Kemenade, WLS ch 2014,1-0}) (8.
e6 fxe6 9. Nbd2 e5 10. Ne4 Bf8 (10... Be7) 11. Nfg5 $18 Nf6 12. Nxf6+ gxf6 13.
Qd5+ {Fathallah-Van Kemenade, WLS ch 2015,1-0}) 8... Ncxe5 9. Nxe5 Nxe5 10. Nf3
a5 (10... Ng4 11. Nd4 Nf6 12. b3 d6 13. Bb2 a6 14. Bf3 Qe7 15. Qd2 Ne4 {
Fathallah-Van Kemenade, WLS rapid ch 2018,1/2-1/2}) 11. b3 (11. Nxe5 Rxe5 12.
b3 {Cloud Engines} (12. Bf3 Ra6 13. Bd2 Qh4 14. e4 Rd6 (14... Bd4) 15. Qc1 Rg6
16. Bf4 Ree6 17. Be3 Bxe3 (17... d6 18. Bxc5 dxc5 19. g3 Qf6 20. Bg2 $11 {
Poelt-Huber, Regionalliga SO 2015,1-0}) 18. Qxe3 Rh6 19. h3 Reg6 $17)) 11...
Ra6 (11... Nxf3+ 12. Bxf3 Qh4 (12... Ra6 13. g3 Rd6 14. Qc2 Qf6 15. Be4 Qxa1 {
Gomez Gonzalez-Perez Garcia, ESP ch U12, Salobrena 2012,0-1}) 13. Bb2 Ra6 14.
g3 Qh3 15. Bg2 Qh6 16. Qc2 Rg6 17. Rad1 d6 18. Bd4 {Philips-Van Kemenade,
CardiganB-CardiganA, 2006,0-1}) 12. Bb2 Nxf3+ 13. Bxf3 Rh6 14. g3 (14. Bg4 Bd6
15. h3 Qg5 16. Qf3 Be5 17. Bxe5 Qxe5 18. Rad1 Rf6 19. Qd5 Qxd5 20. Rxd5 d6 21.
Bxc8 Rxc8 22. Rxa5 $18 {John-Jaberansari, $NCL 2014,1-0}) 14... d6 15. Bg2 $146
(15. Qd2) (15. Qd3) (15. Re1 Qd7 16. Bg2 Qf5 17. Qf3 Qg6 18. Bc3 c6 19. e4 Bg4
20. Qd3 Qh5 21. h4 g5 {hynne-Van Kemenade, GBR rapid U2000,2014,0-1}) 15... Qg5
(15... Bh3 $2 16. Bxh3 Rxh3 17. Qg4 $18) (15... c6 $11 {Stockfish10}) 16. Qd5
Qxd5 (16... Qg6 {considered & pm analysis} 17. Bd4 c6 18. Qf3 Bg4 19. Qf4 Qh5
20. h4 Rg6 $11 {Stockfish10}) 17. cxd5 $14 Bh3 (17... Bd7 {considered & pm
analysis}) (17... g5 {Stockfish10}) 18. Bc3 Bb6 19. Rac1 Bxg2 20. Kxg2 Rh5 {
trying to get the R back into play} (20... c6 {considered & pm analysis}) (
20... Re4 {pm analysis} 21. Rfd1 {Stockfish10} (21. Bd4 Bxd4 22. Rxc7 g5 23.
exd4 (23. Rc4) 23... Rxd4 24. Rxb7 Rxd5 $11 {pm analysis}) 21... a4 $2 (21...
Kf8) 22. Bd4 Bxd4 23. Rxc7 g5 24. Rc4 axb3 25. axb3 b5 26. Rcxd4 Rxd4 27. Rxd4
Kf8 28. Rb4 $18 {Stockfish10}) 21. Rfd1 Re4 (21... f6 22. h3 Kf7 23. a4 Ke7 24.
e4 Kd7 25. f3 $16 {Stockfish10-Bl is suffering from lack of space & a R out of
play} f5 $5 26. g4 fxg4 27. hxg4 Rg5 28. Kg3 Rg6 29. Rh1 h6 30. Rb1 $18) 22.
Bd4 Bxd4 23. Rxd4 (23. Rxc7 f6 (23... g6 24. Kf3 Rhe5 25. exd4 Re8 (25... Re7
26. Rxb7) 26. Rxb7 Re2 27. Rd7 Rxa2 28. Rxd6 Ra3 (28... Ree2 29. Rd8+ Kg7 30.
d6 $18) 29. Rb6 a4 30. Rd3 axb3 31. Rdxb3 Ra4 32. R3b4 $18) 24. exd4 Rxd5 25.
Rxb7 Rexd4 26. Rc1 h5 27. Rc8+ Kh7 28. Rcc7 Rg4 29. h3 Rg6 30. h4 Rg4 31. Ra7
$16 {Stockfish10}) 23... Rxd4 24. exd4 Rxd5 25. Rxc7 g6 (25... Kf8 $5 {
Stockfish10- but then the K has to stay on the back rank or play g6 anyway})
26. Rxb7 Rxd4 27. Ra7 (27. Kf3 Rd2 28. a4 Rb2 29. Rb5 Kf8 30. Ke4 Ke7 31. Rxa5
Rxb3 32. Kd5 Rd3+ 33. Kc6 Rd2 $11 {Stockfish10}) 27... Rd5 $11 {(draw?) In
order for Wh to make progress, he must play b4, which then releases the Bl R
to get behind the pawn and/or attack the Wh K side pawns} 28. Kf3 Kg7 29. Ke4
Re5+ (29... Rc5 30. Ra6 $16) 30. Kd4 Kf6 31. f4 Rc5 32. h3 g5 (32... h5 33. g4
hxg4 (33... h4 34. g5+ Ke6 35. a4 Rc1 36. Rxa5 Rh1 37. Rb5 Rxh3 38. a5 Rh1 39.
Ke3 Ra1 40. Kf3 Rg1 41. Kf2 Rb1 42. Kg2 d5 43. a6 Ra1 44. Rb6+ Kf5 45. Kf3 Rf1+
46. Kg2 Ra1 $11 {Stockfish10})) 33. fxg5+ (33. g4 {Rudy} gxf4 34. Ke4 Kg5 (
34... a4 {Stockfish10} 35. Rxa4 Kg5 36. Rd4 f5+ 37. gxf5 Re5+ 38. Kf3 Re3+ 39.
Kg2 Kxf5 40. Rxd6 Rg3+ 41. Kh2 Ke4 42. b4 Rg8 43. b5 f3 44. a4 f2 45. Rf6 Ke3
46. a5 Rg6 (46... Ke2 47. Re6+ Kd1 48. Rf6 Ke2 $11) 47. Rf5 (47. Rf8 Rg8 $11)
47... Rg5 48. Rf7 $11) 35. Rxf7 Re5+ 36. Kf3 Re3+ 37. Kg2 Re2+ 38. Kf3 (38. Kf1
Rh2 $11 (38... Rxa2 $11)) (38. Kg1 Kh4 39. Rxf4 Rxa2 $11) 38... Re3+ $11 {
Stockfish10}) 33... Rxg5 34. g4 (34. h4 Rc5 $11 {Stockfish10}) 34... h5 35.
gxh5 (35. Ke3) 35... Rxh5 36. Kc4 (36. h4 Ke6 37. Kc3 Rxh4 38. Rxa5 Rh3+ $11)
36... Ke6 37. Ra8 Rc5+ (37... Rh4+ 38. Kb5 Rh5+ (38... Rxh3 39. Kxa5 f5 $11)
39. Kc4 $11) 38. Kd4 $11 {(draw?)} 1/2-1/2

[Event "WCPL 2018-9"]
[Site "?"]
[Date "2019.03.10"]
[Round "4.17"]
[White "Watkin-Jones, Adam"]
[Black "Hurley, Jake"]
[Result "0-1"]
[WhiteElo "1810"]
[BlackElo "1837"]
[PlyCount "38"]
[EventDate "2018.??.??"]
[EventRounds "5"]
[EventCountry "WLS"]
[WhiteTeam "Cardigan"]
[BlackTeam "Cardiff"]

1. Nf3 f5 2. g3 d6 3. d3 e5 4. Bg2 Be7 5. c4 a5 $146 {not sure how this fits
in with Bl's structure, holding up b4? Playing b4 is a standard procedure in
many lines of the English, though e4 looks a more likely continuation in this
position} (5... Nf6) 6. Nc3 Nf6 {Though the position has now transposed to
some games played} 7. O-O (7. Rb1) (7. a3 {have both been played a couple of
times}) 7... O-O {ok this commentator doesn't understand these kind of
positions for Wh. The game has transposed to 57 other games, with a3 & Rb1
being the main continuations.} 8. d4 $146 Nbd7 (8... e4 9. Ne1 c5 10. Nc2 Nc6
11. Bf4 d5 $11 {Komodo12}) (8... Nc6 9. d5 Nb4 {Komodo10} 10. Ng5 $16 {Fire7 &
Komodo12}) 9. dxe5 (9. Ng5 Nb6 10. c5 $14 {Komodo10}) (9. c5 exd4 10. cxd6 dxc3
11. dxe7 Qxe7 12. Qb3+ Kh8 13. Qxc3 $16 {Komodo12}) 9... dxe5 10. e4 {Komodo12
initially} (10. Qc2 e4 11. Nd4 Ne5 12. Rd1 Qe8 13. Ndb5 Qc6 14. Bf4 $16 {
Komodo10}) 10... fxe4 11. Nxe4 {despite endorsement by both Engines, this
feels the wrong way to recapture} (11. Ng5 {looks more thematic, keeping a
blockade on e4, though with only a very slight edge for Wh} Nc5 12. Ngxe4 Ncxe4
13. Nxe4 Qxd1 14. Rxd1 Nxe4 15. Bxe4 Bc5 16. Be3 Bxe3 17. fxe3 c6 $11) 11...
Kh8 (11... Nxe4 12. Qd5+ Kh8 13. Qxe4 {and the Q lands up on the e4 square
from where she can easily be evicted} Bd6 (13... Nc5 14. Qxe5 Nd3 15. Qe2 Ra6 {
gives a bit of play for the pawn, but not enough}) 14. Qe2 Qf6 15. Be3 Nc5 $11
{looks fine for Bl}) 12. Neg5 {this looks too hopeful- moving a N several
times while the Q side still slumbers} (12. Nh4 {looks desirable, but Bl
repels the invaders} Nxe4 13. Bxe4 Nc5 (13... Bxh4 14. Qh5 Nf6 15. Qxh4 Nxe4
16. Qxe4 Qd4 $11) 14. Qxd8 Rxd8 15. Bg2 e4 16. f4 Bxh4 17. gxh4 Bf5 $17) (12.
Nxf6 Bxf6 13. Be3 e4 14. Nd2 Bxb2 15. Rb1 Ba3 16. Nxe4 Ne5 17. Qc2 $16 {
Komodo12- the Wh pieces have a greater degree of activity than their
counterparts}) 12... e4 $5 (12... Ra6 $11 {both Engines}) 13. Ne6 (13. Nh4 Nc5
14. Qxd8 Bxd8 15. Be3 Be7 16. Rad1 Bg4 $11) 13... exf3 14. Nxd8 {should be OK
for Wh , but perhaps easier play can be had via} (14. Bxf3 Qe8 15. Nxc7 {
getting the other R} Qg6 16. Nxa8 Ne5 17. Nc7 (17. Bg2 $16 {at once is safer})
17... Bh3 18. Bg2 (18. Bf4 Bxf1 19. Bxe5 Bxc4 20. b3 $16 {Komodo12}) 18... Bxg2
19. Kxg2 Qe4+ 20. f3 Qxc4 21. Bf4 Qxc7 22. Rc1 Bc5 23. Re1 Re8 24. Qd2 $14 {
Komodo12}) 14... fxg2 15. Kxg2 (15. Re1 $1 {forces Bl to move the B to the
back rank & thus have a little less cordination than he gets in the game} Bxd8
16. Kxg2 b6 17. f3 Bb7 18. Bf4 Nc5 $11) 15... Rxd8 16. Bf4 (16. Qc2) (16. Qe2)
16... Nc5 17. Qe2 Ne6 (17... Re8 18. Rad1 $11) 18. Bxc7 (18. Be3 $11) 18... Re8
19. Rad1 $2 (19. Be5 {though} Ng5 $15) 19... Nxc7 $19 0-1